[Event "EU-ch Rapid (Women)"]
[Site "Monaco"]
[Date "2024.01.14"]
[Round "6"]
[White "Cramling, Pia"]
[Black "Monpeurt, Cyrielle"]
[Result "1-0"]
[WhiteElo "2437"]
[BlackElo "2187"]
[PlyCount "107"]
[EventDate "2024.01.13"]
[EventType "swiss (rapid)"]
[EventRounds "11"]
[EventCountry "MNC"]
[SourceTitle "CB03_2024"]
[SourceDate "2024.01.17"]
[SourceVersion "1"]
[SourceVersionDate "2024.01.17"]
[SourceQuality "1"]

1. Nf3 c5 2. c4 g6 3. d4 cxd4 4. Nxd4 Bg7 5. e4 Nc6 6. Be3 d6 7. Nc3 Nf6 8. Be2 0-0 9. 0-0 Bd7 10. h3 Nxd4 11. Bxd4 Bc6 12. Qc2 Nd7 13. Bxg7 Kxg7 14. b4 Nf6 15. Rfd1 Qc7 16. Rac1 Rac8 17. Qb2 Kg8 18. Bd3 Qb6 19. a3 a6 20. Qd2 Qd4 21. Qe2 Qe5 22. Qe3 Nh5 23. g3 Qe6 24. b5 Bd7 25. Nd5 Rc5 26. Bf1 Nf6 27. Re1 axb5 28. Nf4 Qe5 29. Nd3 Qh5 30. Nxc5 dxc5 31. e5 Ne8 32. cxb5 b6 33. g4 Qh4 34. Red1 Be6 35. Kg2 Nc7 36. Qg3 Qh6 37. f4 Nd5 38. Kh2 Qxf4 39. Qxf4 Nxf4 40. Bc4 Ra8 41. Rc3 Ra4 42. Bxe6 Nxe6 43. Rd7 Ra5 44. a4 Rxa4 45. Rb7 Ra2+ 46. Kh1 Ra1+ 47. Kg2 Nf4+ 48. Kf3 Nd5 49. Rd3 e6 50. Kg3 Rb1 51. Rf3 c4 52. Rfxf7 c3 53. Rg7+ Kh8 54. Rgd7 1-0

[Event "EU-ch Blitz (Women)"]
[Site "Monaco"]
[Date "2024.01.12"]
[Round "10"]
[White "Cramling, Pia"]
[Black "Garcia Martin, Marta"]
[Result "0-1"]
[WhiteElo "2437"]
[BlackElo "2342"]
[PlyCount "60"]
[EventDate "2024.01.12"]
[EventType "swiss (blitz)"]
[EventRounds "13"]
[EventCountry "MNC"]
[SourceTitle "CB03_2024"]
[SourceDate "2024.01.17"]
[SourceVersion "1"]
[SourceVersionDate "2024.01.17"]
[SourceQuality "1"]

1. d4 d5 2. c4 e6 3. Nc3 a6 4. cxd5 exd5 5. Bf4 Nf6 6. e3 Bd6 7. Bg3 0-0 8. Bd3 Re8 9. Qc2 Nc6 10. Be2 Nb4 11. Qd1 Bf5 12. Rc1 Ne4 13. a3 Nc6 14. Nf3 h6 15. Bxd6 Qxd6 16. 0-0 Nxc3 17. Rxc3 Be4 18. Nd2 Bf5 19. Qb3 b5 20. Nf3 Na5 21. Qb4 Nc4 22. b3 Nxa3 23. Qxd6 cxd6 24. Rfc1 Rec8 25. b4 Rxc3 26. Rxc3 Nc4 27. Ne1 a5 28. bxa5 Rxa5 29. Rc1 Ra2 30. Bd3 Be4 0-1

[Event "EU-ch Blitz (Women)"]
[Site "Monaco"]
[Date "2024.01.12"]
[Round "7"]
[White "Cramling, Pia"]
[Black "Kulon, Klaudia"]
[Result "1-0"]
[WhiteElo "2437"]
[BlackElo "2323"]
[PlyCount "149"]
[EventDate "2024.01.12"]
[EventType "swiss (blitz)"]
[EventRounds "13"]
[EventCountry "MNC"]
[SourceTitle "CB03_2024"]
[SourceDate "2024.01.17"]
[SourceVersion "1"]
[SourceVersionDate "2024.01.17"]
[SourceQuality "1"]

1. d4 Nf6 2. c4 g6 3. Nc3 Bg7 4. e4 d6 5. h3 0-0 6. Be3 e5 7. d5 Na6 8. g4 Nc5 9. f3 a5 10. Qd2 c6 11. Nge2 cxd5 12. cxd5 Bd7 13. Ng3 a4 14. h4 Qa5 15. h5 b5 16. h6 Bh8 17. Nf5 Bxf5 18. gxf5 b4 19. Nd1 Rfc8 20. fxg6 fxg6 21. Bh3 Rc7 22. Nf2 b3 23. Qxa5 Rxa5 24. a3 Nh5 25. Rc1 Nf4 26. Bf1 Bf6 27. Kd2 Bg5 28. Nh3 Nxh3 29. Bxh3 Bxe3+ 30. Kxe3 Ra8 31. Rc4 Rf8 32. Rhc1 Rcf7 33. Bg4 Rf4 34. Rb4 g5 35. Rg1 Kf7 36. Bh5+ Kf6 37. Bg4 Rd8 38. Rb6 Kg6 39. Rh1 Nxe4 40. Bh5+ Kf5 41. fxe4+ Rxe4+ 42. Kf3 g4+ 43. Kg3 Kg5 44. Rb7 Re3+ 45. Kf2 Rf3+ 46. Kg2 Rdf8 47. Rg7+ Kf4 48. Rxg4+ Ke3 49. Rg3 Rxg3+ 50. Kxg3 Rg8+ 51. Bg4 e4 52. Re1+ Kd3 53. Kf4 Rg6 54. Bf5 Rxh6 55. Bxe4+ Kd2 56. Rg1 Rh4+ 57. Kf3 Rh3+ 58. Kf2 Rh2+ 59. Kg3 Re2 60. Bxh7 Re5 61. Kf4 Rxd5 62. Be4 Rc5 63. Rg2+ Kc1 64. Ke3 d5 65. Bd3 Rc7 66. Kd4 Re7 67. Kc3 Rc7+ 68. Kb4 d4 69. Kxa4 Rc2 70. Bxc2 bxc2 71. Kb3 d3 72. Rg1+ Kd2 73. Rg2+ Ke3 74. Rxc2 dxc2 75. Kxc2 1-0

[Event "EU-ch Blitz (Women)"]
[Site "Monaco"]
[Date "2024.01.12"]
[Round "1"]
[White "Cramling, Pia"]
[Black "Paasikangas Tella, Johanna"]
[Result "1-0"]
[WhiteElo "2437"]
[BlackElo "2038"]
[PlyCount "55"]
[EventDate "2024.01.12"]
[EventType "swiss (blitz)"]
[EventRounds "13"]
[EventCountry "MNC"]
[SourceTitle "CB03_2024"]
[SourceDate "2024.01.17"]
[SourceVersion "1"]
[SourceVersionDate "2024.01.17"]
[SourceQuality "1"]

1. d4 d5 2. c4 e6 3. Nc3 c6 4. Qb3 Bd6 5. Nf3 Nd7 6. Bg5 Ne7 7. e3 0-0 8. Be2 f6 9. Bh4 Nf5 10. Bg3 Nxg3 11. hxg3 Qe7 12. Bd3 f5 13. g4 Nf6 14. gxf5 exf5 15. cxd5 cxd5 16. Nxd5 Nxd5 17. Qxd5+ Be6 18. Qb5 Bb4+ 19. Kf1 a6 20. Qa4 b5 21. Qd1 Rac8 22. Ne5 Rc7 23. Qh5 g6 24. Nxg6 Qg7 25. Nxf8 Bxf8 26. Bxf5 Bxf5 27. Qxf5 Rf7 28. Qe6 1-0

[Event "Wroclaw POL-ROW (Women)"]
[Site "Wroclaw"]
[Date "2023.12.19"]
[Round "2.3"]
[White "Cramling, Pia"]
[Black "Cyfka, Karina"]
[Result "0-1"]
[WhiteElo "2447"]
[BlackElo "2358"]
[PlyCount "133"]
[EventDate "2023.12.18"]
[EventType "team-schev"]
[EventRounds "5"]
[EventCountry "POL"]
[SourceTitle "CB52_2023"]
[SourceDate "2023.12.27"]
[SourceVersion "1"]
[SourceVersionDate "2023.12.27"]
[SourceQuality "1"]
[WhiteTeam "Rest of the World"]
[BlackTeam "Poland"]
[BlackTeamCountry "POL"]

1. Nf3 Nf6 2. c4 e6 3. g3 d5 4. Bg2 d4 5. 0-0 c5 6. e3 Nc6 7. d3 Bd6 8. exd4 cxd4 9. Na3 0-0 10. Nc2 e5 11. Re1 Re8 12. b4 a6 13. a4 Bf5 14. c5 Bf8 15. Bg5 h6 16. Bxf6 Qxf6 17. Nh4 Bd7 18. Qc1 g5 19. Nf3 Bf5 20. Qd2 Bg4 21. Qd1 Bf5 22. Rb1 Rad8 23. h3 Qg6 24. Rb3 e4 25. Nd2 exd3 26. Na3 g4 27. hxg4 Bxg4 28. Bf3 Rxe1+ 29. Qxe1 Bxf3 30. Nxf3 a5 31. bxa5 Bxc5 32. Nc4 Qf5 33. Nfd2 Bb4 34. Qe4 Qxe4 35. Nxe4 f5 36. Ned2 Bc3 37. Kf1 Re8 38. Rb1 Nxa5 39. Nxa5 Bxd2 40. Nc4 Bc3 41. Rd1 Rc8 42. Nd6 Rc6 43. Nxf5 Rf6 44. Ne7+ Kf8 45. Nd5 Rd6 46. Nf4 d2 47. Ke2 Ra6 48. Kd3 Rxa4 49. Ne6+ Ke7 50. Nc5 Ra3 51. Nxb7 Ke6 52. Nc5+ Kd5 53. Nd7 Ra6 54. f4 Bb4 55. Rb1 Ra3+ 56. Kc2 Bc3 57. Kd3 Rb3 58. Rh1 Bb4+ 59. Kc2 Re3 60. Rh5+ Kd6 61. Ne5 d3+ 62. Nxd3 Rxd3 63. Rxh6+ Kd5 64. Rh1 Re3 65. Rd1 Re1 66. g4 Ke4 67. g5 0-1

[Event "Wroclaw POL-ROW (Women)"]
[Site "Wroclaw"]
[Date "2023.12.18"]
[Round "1.3"]
[White "Cramling, Pia"]
[Black "Socko, Monika"]
[Result "1/2-1/2"]
[WhiteElo "2447"]
[BlackElo "2396"]
[PlyCount "79"]
[EventDate "2023.12.18"]
[EventType "team-schev"]
[EventRounds "5"]
[EventCountry "POL"]
[SourceTitle "CB52_2023"]
[SourceDate "2023.12.27"]
[SourceVersion "1"]
[SourceVersionDate "2023.12.27"]
[SourceQuality "1"]
[WhiteTeam "Rest of the World"]
[BlackTeam "Poland"]
[BlackTeamCountry "POL"]

1. Nf3 Nf6 2. c4 c5 3. g3 b6 4. Bg2 Bb7 5. 0-0 g6 6. b3 Bg7 7. Bb2 0-0 8. d4 cxd4 9. Nbd2 Qc7 10. Bxd4 Nc6 11. Bb2 Rad8 12. Rc1 Qb8 13. Qc2 d5 14. cxd5 Nb4 15. Qb1 Nfxd5 16. a3 Nc6 17. Bxg7 Kxg7 18. Qb2+ Nf6 19. b4 Kg8 20. Nc4 Qa8 21. Bh3 b5 22. Nce5 Nxe5 23. Qxe5 Bxf3 24. exf3 Qxf3 25. Bg2 Qxa3 26. Qxe7 Nd5 27. Qc5 Qb3 28. Rb1 Qc4 29. Rfc1 Qxc5 30. Rxc5 Nb6 31. Rxb5 Rfe8 32. Ra5 Re7 33. Rba1 Rdd7 34. h4 h5 35. Bh3 Rc7 36. Rc5 Kg7 37. Kf1 Nc4 38. Kg1 Nb6 39. Kf1 Nc4 40. Kg1 1/2-1/2

[Event "Worclaw Litwinska Memorial KO"]
[Site "Wroclaw"]
[Date "2023.12.17"]
[Round "4.2"]
[White "Cramling, Pia"]
[Black "Kiolbasa, Oliwia"]
[Result "1-0"]
[WhiteElo "2447"]
[BlackElo "2379"]
[PlyCount "107"]
[EventDate "2023.12.17"]
[EventType "k.o. (rapid)"]
[EventRounds "4"]
[EventCountry "POL"]
[SourceTitle "CB52_2023"]
[SourceDate "2023.12.27"]
[SourceVersion "1"]
[SourceVersionDate "2023.12.27"]
[SourceQuality "1"]

1. Nf3 d5 2. d4 Nf6 3. c4 e6 4. Nc3 Nbd7 5. cxd5 exd5 6. Bf4 Bb4 7. e3 Ne4 8. Qc2 g5 9. Bg3 h5 10. h4 Bxc3+ 11. bxc3 Nxg3 12. fxg3 gxh4 13. Nxh4 Qg5 14. Qf2 Nf6 15. Qf4 Rg8 16. Bd3 Qxg3+ 17. Kd2 Ne4+ 18. Bxe4 Qxf4 19. exf4 dxe4 20. Rae1 f5 21. Re3 Be6 22. g3 0-0-0 23. Rd1 Rd6 24. Ke1 Rd7 25. Kf2 Rd6 26. Rd2 c5 27. d5 Rxd5 28. Rxd5 Bxd5 29. Nxf5 Kd7 30. Re2 Ke6 31. Ne3 Bc6 32. Rd2 b5 33. a3 Rf8 34. Rd1 Rb8 35. Rh1 Be8 36. g4 hxg4 37. Rh6+ Ke7 38. f5 Bf7 39. Nxg4 b4 40. cxb4 cxb4 41. axb4 Rxb4 42. Kg3 a5 43. Ra6 a4 44. Ra7+ Kf8 45. Ne5 Bd5 46. Rd7 Bb3 47. f6 Ke8 48. Ra7 Rb8 49. Rh7 Kd8 50. Nc6+ Kc8 51. Rh8+ Kc7 52. Nxb8 a3 53. Na6+ Kb6 54. Rb8+ 1-0

[Event "Worclaw Litwinska Memorial KO"]
[Site "Wroclaw"]
[Date "2023.12.17"]
[Round "1.1"]
[White "Cramling, Pia"]
[Black "Smietanska, Wiktoria"]
[Result "1-0"]
[WhiteElo "2447"]
[BlackElo "1901"]
[PlyCount "73"]
[EventDate "2023.12.17"]
[EventType "k.o. (rapid)"]
[EventRounds "4"]
[EventCountry "POL"]
[SourceTitle "CB52_2023"]
[SourceDate "2023.12.27"]
[SourceVersion "1"]
[SourceVersionDate "2023.12.27"]
[SourceQuality "1"]

1. d4 Nf6 2. c4 e6 3. Nf3 d5 4. Bg5 Bb4+ 5. Nc3 h6 6. Bxf6 Qxf6 7. e3 0-0 8. Rc1 c6 9. a3 Be7 10. Bd3 Nd7 11. 0-0 dxc4 12. Bxc4 c5 13. Ne4 Qg6 14. Bd3 Qh5 15. Ng3 Qd5 16. e4 Qd6 17. e5 Qb6 18. Qe2 Rd8 19. Qe4 Nf8 20. Qg4 cxd4 21. Nh5 g6 22. h4 Kh8 23. Qf4 gxh5 24. Qxh6+ Kg8 25. Ng5 Bxg5 26. Qxg5+ Ng6 27. Qxh5 Kf8 28. Bxg6 fxg6 29. Qh8+ Kf7 30. Qf6+ Kg8 31. Qxg6+ Kh8 32. Rfd1 Bd7 33. Rd3 Bc6 34. Qh6+ Kg8 35. Rg3+ Kf7 36. Qh7+ Kf8 37. Rg8# 1-0

[Event "EU-chT (Women) 24th"]
[Site "Budva"]
[Date "2023.11.19"]
[Round "8.12"]
[White "Movsesian, Julia"]
[Black "Cramling, Pia"]
[Result "0-1"]
[WhiteElo "2249"]
[BlackElo "2440"]
[PlyCount "62"]
[EventDate "2023.11.11"]
[EventType "team-swiss"]
[EventRounds "9"]
[EventCountry "MNE"]
[SourceTitle "CB47_2023"]
[SourceDate "2023.11.22"]
[SourceVersion "1"]
[SourceVersionDate "2023.11.22"]
[SourceQuality "1"]
[WhiteTeam "Czech Republic (W)"]
[BlackTeam "Sweden (W)"]
[WhiteTeamCountry "CZE"]
[BlackTeamCountry "SWE"]

1. e4 c5 2. Nf3 Nc6 3. d4 cxd4 4. Nxd4 e6 5. Nc3 Qc7 6. Be3 a6 7. g4 h6 8. h4 Nf6 9. Nxc6 Qxc6 10. Qf3 b5 11. g5 hxg5 12. hxg5 Rxh1 13. Qxh1 Ng4 14. Bd2 Bb7 15. Qh3 Ne5 16. a3 Nc4 17. Bxc4 Qxc4 18. Qh7 g6 19. 0-0-0 Bxe4 20. Qg8 Bf5 21. Rh1 a5 22. b3 Qc5 23. Rh7 0-0-0 24. Qxf7 Qxf2 25. Nxb5 Qf1+ 26. Kb2 Qxb5 27. Rh4 Bd6 28. a4 Qd5 29. Bc3 Be5 30. Bxe5 Qxe5+ 31. Ka2 Kb8 0-1

[Event "FIDE Grand Swiss (Women)"]
[Site "Douglas"]
[Date "2023.11.03"]
[Round "9"]
[White "Cramling, Pia"]
[Black "Guichard, Pauline"]
[Result "1-0"]
[WhiteElo "2446"]
[BlackElo "2358"]
[PlyCount "81"]
[EventDate "2023.10.25"]
[EventType "swiss"]
[EventRounds "11"]
[EventCountry "IOM"]
[SourceTitle "Mega2024 Update 01"]
[Source "Chessbase"]
[SourceDate "2023.11.12"]
[SourceVersion "1"]
[SourceVersionDate "2023.11.12"]
[SourceQuality "1"]

1. Nf3 Nf6 2. c4 e6 3. g3 d5 4. Bg2 Be7 5. 0-0 0-0 6. d4 dxc4 7. Ne5 Nc6 8. Nxc6 bxc6 9. Na3 Bxa3 10. bxa3 Ba6 11. Qd2 Rb8 12. Qa5 Qc8 13. a4 Rd8 14. Rd1 c3 15. Qxc3 Bxe2 16. Re1 Qa6 17. Qxc6 Nd5 18. Qxa6 Bxa6 19. Bg5 f6 20. Bd2 Kf7 21. Rec1 Rd7 22. Rc5 Rb2 23. Be1 Bd3 24. h3 h5 25. h4 Kg6 26. a3 Nb6 27. Bf3 f5 28. Bb4 Nd5 29. Re1 Nf6 30. Rxe6 Rxd4 31. Rxc7 Rb1+ 32. Kg2 Bf1+ 33. Kh2 f4 34. g4 hxg4 35. Bxg4 f3 36. h5+ Kh6 37. Bxf3 Rb3 38. Bc3 Rf4 39. Kg3 Rf5 40. Bg4 Rg5 41. f3 1-0

[Event "FIDE Grand Swiss (Women)"]
[Site "Douglas"]
[Date "2023.11.02"]
[Round "8"]
[White "Javakhishvili, Lela"]
[Black "Cramling, Pia"]
[Result "1/2-1/2"]
[WhiteElo "2437"]
[BlackElo "2446"]
[PlyCount "85"]
[EventDate "2023.10.25"]
[EventType "swiss"]
[EventRounds "11"]
[EventCountry "IOM"]
[SourceTitle "Mega2024 Update 01"]
[Source "Chessbase"]
[SourceDate "2023.11.12"]
[SourceVersion "1"]
[SourceVersionDate "2023.11.12"]
[SourceQuality "1"]

1. d4 d5 2. Nf3 Nf6 3. Bf4 c5 4. e3 Nc6 5. Nbd2 Nh5 6. dxc5 Nxf4 7. exf4 Qa5 8. c4 e6 9. cxd5 exd5 10. Bd3 Qxc5 11. 0-0 Be7 12. Rc1 Qd6 13. Ne5 0-0 14. Re1 g6 15. Ndf3 Nxe5 16. Nxe5 Bf6 17. Qa4 Be6 18. Rc2 Rfd8 19. h4 Bd7 20. Nxd7 Qxd7 21. Qxd7 Rxd7 22. g3 Kf8 23. Kg2 Rad8 24. h5 Rd6 25. g4 Rc6 26. Rce2 Rb6 27. b3 gxh5 28. g5 Bc3 29. Rc1 Bb4 30. Rh1 Bd6 31. f5 Bf4 32. Rxh5 h6 33. g6 Bg5 34. Rh1 Kg7 35. Rd1 Rc6 36. f4 Bxf4 37. Re7 Rf8 38. Rxb7 Rc7 39. Rxc7 Bxc7 40. Bb1 fxg6 41. fxg6 Rd8 42. b4 d4 43. a4 1/2-1/2

[Event "FIDE Grand Swiss (Women)"]
[Site "Douglas"]
[Date "2023.11.01"]
[Round "7"]
[White "Cramling, Pia"]
[Black "Danielian, Elina"]
[Result "1-0"]
[WhiteElo "2446"]
[BlackElo "2416"]
[PlyCount "81"]
[EventDate "2023.10.25"]
[EventType "swiss"]
[EventRounds "11"]
[EventCountry "IOM"]
[SourceTitle "Mega2024 Update 01"]
[Source "Chessbase"]
[SourceDate "2023.11.12"]
[SourceVersion "1"]
[SourceVersionDate "2023.11.12"]
[SourceQuality "1"]

1. Nf3 Nf6 2. c4 c5 3. g3 Nc6 4. Bg2 e5 5. Nc3 g6 6. d3 Bg7 7. Nd2 d6 8. Nf1 0-0 9. Ne3 a6 10. a3 Rb8 11. Rb1 Ne7 12. b4 cxb4 13. axb4 Be6 14. b5 d5 15. cxd5 Nfxd5 16. Ncxd5 Nxd5 17. Nxd5 Bxd5 18. 0-0 a5 19. Qa4 Bxg2 20. Kxg2 h5 21. b6 Ra8 22. Be3 f5 23. f3 Qe8 24. Rb5 Kh7 25. Rc1 e4 26. dxe4 fxe4 27. fxe4 h4 28. Rc7 Qe6 29. Rd5 Rf7 30. Rxf7 Qxf7 31. Rd7 Qe6 32. Qd4 h3+ 33. Kg1 Rg8 34. Rxb7 Qb3 35. Kf2 Qb1 36. Qd7 Rf8+ 37. Bf4 Qb2 38. Qxg7+ Qxg7 39. Rxg7+ Kxg7 40. b7 g5 41. b8Q 1-0

[Event "EU-Cup (Women) 27th"]
[Site "Durres"]
[Date "2023.10.04"]
[Round "4.3"]
[White "Daulyte Cornette, Deimante"]
[Black "Cramling, Pia"]
[Result "1-0"]
[WhiteElo "2360"]
[BlackElo "2446"]
[PlyCount "151"]
[EventDate "2023.10.01"]
[EventType "team-swiss"]
[EventRounds "7"]
[EventCountry "ALB"]
[SourceTitle "EXT 2024"]
[Source "ChessBase"]
[SourceDate "2023.10.10"]
[SourceVersion "1"]
[SourceVersionDate "2023.10.10"]
[SourceQuality "1"]
[WhiteTeam "Gaz Ukraine (W)"]
[BlackTeam "Monte Carlo (W)"]
[WhiteTeamCountry "UKR"]
[BlackTeamCountry "MNC"]

1. e4 c5 2. Nf3 e6 3. c3 Nf6 4. e5 Nd5 5. a3 d6 6. d4 cxd4 7. c4 Ne7 8. exd6 Qxd6 9. Nc3 a6 10. Ne4 Qc7 11. Qxd4 Nf5 12. Qc3 Nd7 13. Bd3 h5 14. Bg5 f6 15. Bd2 Be7 16. b4 Nb6 17. Ng3 Nxg3 18. hxg3 Bd7 19. Bg6+ Kf8 20. Rc1 Rc8 21. Rh4 e5 22. c5 Nd5 23. Qd3 Be6 24. Rxh5 Rxh5 25. Bxh5 f5 26. Ng5 Qd7 27. Nxe6+ Qxe6 28. Qb3 Rd8 29. Be2 Nf4 30. Qxe6 Nxe6 31. g4 fxg4 32. Bxg4 Nd4 33. Be3 a5 34. Be2 axb4 35. axb4 b6 36. Rc4 bxc5 37. bxc5 Ne6 38. c6 Bd6 39. Bg4 Nc7 40. Ke2 Ra8 41. Rc2 Ra6 42. Bf3 Ne6 43. Bd5 Nc7 44. Be4 Ke7 45. Kf3 Ra8 46. Kg4 Ne6 47. Bf5 Nc7 48. Bg5+ Kf7 49. Rd2 Ra4+ 50. Kf3 Nb5 51. Be3 Nd4+ 52. Bxd4 exd4 53. Ke4 Kf6 54. Bd7 Bc7 55. Rb2 Ke7 56. Re2 Kf6 57. Rb2 Ke7 58. Re2 Kf6 59. Rd2 g5 60. Rd3 Ra2 61. Rf3+ Ke7 62. Kxd4 Bb6+ 63. Ke4 Rxf2 64. Rb3 Bc7 65. g4 Re2+ 66. Kf5 Re5+ 67. Kg6 Bd8 68. Bf5 Kd6 69. Rd3+ Rd5 70. Rc3 Kc7 71. Bd7 Ra5 72. Rd3 Ra6 73. Kf7 Ra7 74. Ke6 Ra4 75. Rb3 Ra7 76. Rb1 1-0

[Event "ESP-chT CECLUB Honor"]
[Site "Linares"]
[Date "2023.09.22"]
[Round "7.1"]
[White "Garrido Outon, Alex"]
[Black "Cramling, Pia"]
[Result "0-1"]
[WhiteElo "2408"]
[BlackElo "2452"]
[PlyCount "96"]
[EventDate "2023.09.16"]
[EventType "team-tourn"]
[EventRounds "7"]
[EventCountry "ESP"]
[SourceTitle "EXT 2024"]
[Source "ChessBase"]
[SourceDate "2023.10.10"]
[SourceVersion "1"]
[SourceVersionDate "2023.10.10"]
[SourceQuality "1"]
[WhiteTeam "Extremadura Magic"]
[BlackTeam "Silla Integrant"]
[WhiteTeamCountry "ESP"]
[BlackTeamCountry "ESP"]

1. e4 c5 2. Nf3 e6 3. d4 cxd4 4. Nxd4 a6 5. Bd3 g6 6. c4 Bg7 7. Be3 d6 8. Nc3 Nf6 9. 0-0 0-0 10. Be2 Nbd7 11. Nb3 Qc7 12. Qd2 Ne5 13. Rac1 b6 14. f3 Rd8 15. Rfd1 Bf8 16. c5 bxc5 17. Nxc5 Qb8 18. N3a4 Bd7 19. Nxd7 Nexd7 20. Bf4 Qa7+ 21. Kh1 Nh5 22. Be3 Qb7 23. Qa5 Rdc8 24. Rxc8 Qxc8 25. Rc1 Qe8 26. Rc6 Nc5 27. Rxc5 dxc5 28. Nxc5 Qc6 29. Qc3 Nf4 30. Bf1 Rd8 31. b4 Rd1 32. Qc4 Qb5 33. Qxb5 axb5 34. Kg1 Ne2+ 35. Kf2 Nc3 36. a3 Bg7 37. Bd3 Ra1 38. Kg3 Rxa3 39. Bf4 Bd4 40. Bd6 Ra2 41. Nb3 Bg7 42. Nc5 Rd2 43. e5 Bh6 44. f4 Nd5 45. Bxb5 Bxf4+ 46. Kf3 Bxh2 47. Nd3 h5 48. Bc4 g5 0-1

[Event "ESP-chT CECLUB Honor"]
[Site "Linares"]
[Date "2023.09.21"]
[Round "6.4"]
[White "Cramling, Pia"]
[Black "Argandona Riveiro, Inigo"]
[Result "1/2-1/2"]
[WhiteElo "2452"]
[BlackElo "2340"]
[PlyCount "161"]
[EventDate "2023.09.16"]
[EventType "team-tourn"]
[EventRounds "7"]
[EventCountry "ESP"]
[SourceTitle "EXT 2024"]
[Source "ChessBase"]
[SourceDate "2023.10.10"]
[SourceVersion "1"]
[SourceVersionDate "2023.10.10"]
[SourceQuality "1"]
[WhiteTeam "Silla Integrant"]
[BlackTeam "Taldea Gros Xake"]
[WhiteTeamCountry "ESP"]
[BlackTeamCountry "ESP"]

1. d4 Nf6 2. Nf3 c5 3. e3 g6 4. Be2 Bg7 5. 0-0 d5 6. dxc5 Qc7 7. c4 dxc4 8. Qa4+ Nbd7 9. Nc3 0-0 10. Qxc4 Qxc5 11. e4 e6 12. Bf4 Qxc4 13. Bxc4 Nb6 14. Be2 Bd7 15. Ne5 Rfc8 16. a4 Be8 17. a5 Nbd7 18. Nc4 Nc5 19. Nd6 Rd8 20. e5 Nfd7 21. Nc4 Nb3 22. Rad1 Ndc5 23. Bg5 Rdb8 24. Be7 Bc6 25. f4 Bf8 26. Bxf8 Kxf8 27. Bf3 Bxf3 28. Rxf3 b5 29. axb6 axb6 30. Nd6 Ra5 31. g4 Rba8 32. f5 Kg8 33. fxg6 fxg6 34. Nc4 Ra1 35. Rff1 Rxd1 36. Rxd1 Rf8 37. Nxb6 Rf4 38. h3 Nd4 39. Kg2 Nf3 40. Rd8+ Kg7 41. Kg3 g5 42. Nd7 Nd3 43. Nf6 Nfxe5 44. Nh5+ Kf7 45. Nxf4 gxf4+ 46. Kg2 Nxb2 47. Ne4 h6 48. Nd2 Nd1 49. Nf1 Nc3 50. Nd2 Nd5 51. Ra8 Ng6 52. Ne4 Ne5 53. Ra7+ Kg6 54. Ra6 Kf7 55. Nc5 f3+ 56. Kg3 Nc3 57. Ra3 Ne2+ 58. Kf2 Nf4 59. Kg3 Ne2+ 60. Kh2 Nf4 61. Ne4 Kg6 62. Ra6 Kf7 63. Nf2 Kg6 64. Ra4 Ne2 65. Ra6 Nf4 66. Ra8 Ne2 67. Ra5 Nc4 68. Rc5 Ne3 69. Ra5 Nf1+ 70. Kh1 Nfg3+ 71. Kh2 Kf6 72. Ra3 Nf1+ 73. Kh1 Nfg3+ 74. Kh2 Nf1+ 75. Kh1 Nfg3+ 76. Kh2 Nf1+ 77. Kh1 Nfg3+ 78. Kh2 Nf1+ 79. Kh1 Nfg3+ 80. Kh2 Kg6 81. Ra1 1/2-1/2

[Event "ESP-chT CECLUB Honor"]
[Site "Linares"]
[Date "2023.09.18"]
[Round "3.3"]
[White "Batsiashvili, Nino"]
[Black "Cramling, Pia"]
[Result "1-0"]
[WhiteElo "2478"]
[BlackElo "2452"]
[PlyCount "77"]
[EventDate "2023.09.16"]
[EventType "team-tourn"]
[EventRounds "7"]
[EventCountry "ESP"]
[SourceTitle "EXT 2024"]
[Source "ChessBase"]
[SourceDate "2023.10.10"]
[SourceVersion "1"]
[SourceVersionDate "2023.10.10"]
[SourceQuality "1"]
[WhiteTeam "Costa Calida"]
[BlackTeam "Silla Integrant"]
[WhiteTeamCountry "ESP"]
[BlackTeamCountry "ESP"]

1. d4 Nf6 2. c4 e6 3. Bf4 b6 4. a3 Bb7 5. Nc3 d5 6. cxd5 exd5 7. e3 Be7 8. Rc1 c6 9. Bd3 0-0 10. h3 Re8 11. Nf3 Nbd7 12. 0-0 Nf8 13. Ne5 Ng6 14. Bh2 Bd6 15. f4 Qe7 16. Qf3 Rad8 17. g4 Nd7 18. Rce1 Ndf8 19. g5 Nxe5 20. fxe5 Bc7 21. h4 Bc8 22. Ne2 Be6 23. Kh1 Qd7 24. Ng3 Rb8 25. Rg1 Bg4 26. Qf2 b5 27. h5 Bd8 28. Nf5 Bxf5 29. Bxf5 Ne6 30. g6 fxg6 31. hxg6 h6 32. Ref1 Bb6 33. Rg3 c5 34. Bg1 cxd4 35. exd4 Rbd8 36. Qf3 Qb7 37. Qg4 Ng5 38. Be3 Qe7 39. Bxg5 1-0

[Event "FRA-chT Top 12 (Women) GpB"]
[Site "Mulhouse"]
[Date "2023.05.21"]
[Round "5.1"]
[White "Diez, Agathe"]
[Black "Cramling, Pia"]
[Result "0-1"]
[WhiteElo "1902"]
[BlackElo "2443"]
[PlyCount "70"]
[EventDate "2023.05.18"]
[EventType "team-tourn"]
[EventRounds "5"]
[EventCountry "FRA"]
[SourceTitle "CBM 214 Extra"]
[Source "ChessBase"]
[SourceDate "2023.07.31"]
[SourceVersion "1"]
[SourceVersionDate "2023.07.31"]
[SourceQuality "1"]
[WhiteTeam "Bordeaux d'Aquitaine (W)"]
[BlackTeam "Monaco (W)"]
[WhiteTeamCountry "FRA"]
[BlackTeamCountry "MNC"]

1. e4 c5 2. Nc3 Nc6 3. Nge2 d6 4. g3 g6 5. Bg2 Bg7 6. d3 e5 7. 0-0 Nge7 8. Be3 0-0 9. f4 Nd4 10. Qd2 Be6 11. Nd1 d5 12. fxe5 Nxe2+ 13. Qxe2 d4 14. Bg5 Qd7 15. a4 Nc6 16. Qd2 Nxe5 17. Bh6 c4 18. Bxg7 Kxg7 19. Nf2 Rac8 20. Qf4 f6 21. Rfd1 g5 22. Qc1 cxd3 23. Nxd3 Nc4 24. Nf2 Ne3 25. Rd2 Qc7 26. c3 dxc3 27. Rd3 cxb2 28. Qxb2 Nc4 29. Qb4 Ne5 30. Rd2 Rfd8 31. Rad1 Rxd2 32. Qxd2 b6 33. Qe3 Qc5 34. Qe2 Bg4 35. Rd7+ Bxd7 0-1

[Event "FRA-chT Top 12 (Women) GpB"]
[Site "Mulhouse"]
[Date "2023.05.20"]
[Round "3.1"]
[White "Matnadze, Ana"]
[Black "Cramling, Pia"]
[Result "0-1"]
[WhiteElo "2393"]
[BlackElo "2443"]
[PlyCount "110"]
[EventDate "2023.05.18"]
[EventType "team-tourn"]
[EventRounds "5"]
[EventCountry "FRA"]
[SourceTitle "CBM 214 Extra"]
[Source "ChessBase"]
[SourceDate "2023.07.31"]
[SourceVersion "1"]
[SourceVersionDate "2023.07.31"]
[SourceQuality "1"]
[WhiteTeam "Grasse (W)"]
[BlackTeam "Monaco (W)"]
[WhiteTeamCountry "FRA"]
[BlackTeamCountry "MNC"]

1. Nf3 d5 2. b3 Bf5 3. Bb2 e6 4. g3 Nf6 5. Bg2 h6 6. 0-0 Be7 7. d3 0-0 8. Nbd2 Nbd7 9. c4 c6 10. Re1 Bh7 11. Rc1 Re8 12. cxd5 cxd5 13. h3 Bc5 14. e4 dxe4 15. dxe4 Rc8 16. Qe2 e5 17. Nh4 a6 18. Nf5 b5 19. a3 Bf8 20. Qe3 Bc5 21. Qe2 Bf8 22. Qe3 Rxc1 23. Rxc1 Nc5 24. b4 Nd3 25. Rc2 Nxb2 26. Rxb2 Qc8 27. Nf1 Bxf5 28. exf5 Qxf5 29. Qa7 Qe6 30. Rc2 e4 31. Qb7 Qb3 32. Rc7 Qxa3 33. Rxf7 Qxb4 34. Ne3 Re7 35. Rxe7 Qxe7 36. Qxa6 b4 37. Bf1 Kh7 38. Bc4 Qe5 39. Be6 Bc5 40. Bf5+ g6 41. Be6 Qc7 42. Qc4 Qd6 43. Nf1 Qb6 44. Kg2 Bxf2 45. h4 h5 46. Bg8+ Nxg8 47. Qf7+ Kh8 48. Qxf2 Qxf2+ 49. Kxf2 b3 50. Nd2 b2 51. Ke3 Nf6 52. Kd4 Kg7 53. Kc3 e3 54. Nb1 Nd5+ 55. Kd3 Kf6 0-1